[Event "54th Ilmar Raud Memorial"]
[Site "Viljandi"]
[Date "2020.07.09"]
[Round "5.9"]
[White "Kanep, Meelis"]
[Black "Timoshin, Andrei"]
[Result "1-0"]
[WhiteElo "2465"]
[BlackElo "2132"]
[PlyCount "179"]
[EventDate "2020.??.??"]

1. d4 d5 2. c4 e6 3. Nf3 Nf6 4. g3 c5 5. cxd5 exd5 6. Bg2 cxd4 7. Nxd4 Bc5 8.
O-O Nc6 9. Nxc6 bxc6 10. Qc2 Qb6 11. Nc3 Be7 12. e4 Be6 13. Bg5 Qc5 14. exd5
Nxd5 15. Bxe7 Nxe7 16. Rac1 Qh5 17. Qa4 O-O 18. Qa3 Rfe8 19. Rfe1 Nd5 20. Ne4
a5 21. Rxc6 Nb4 22. Rc5 Bd5 23. Rf1 Qg6 24. Rxa5 Qb6 25. Rxa8 Rxa8 26. Qc3 Nxa2
27. Qc5 Qxc5 28. Nxc5 Bxg2 29. Kxg2 Rb8 30. Ra1 Nb4 31. Ra7 Rc8 32. Ne4 Nd3 33.
b3 f6 34. Nd6 Rb8 35. Nf5 g6 36. Ne7+ Kf8 37. Nd5 Rxb3 38. Nxf6 h5 39. h4 Rb2
40. Ne4 Ne1+ 41. Kf1 Nf3 42. Nf6 Ne5 43. Nh7+ Kg8 44. Ng5 Ng4 45. Nh3 Nh2+ 46.
Kg1 Ng4 47. Ra6 Kf7 48. Ra4 Kg7 49. Rf4 Rb1+ 50. Kg2 Rb2 51. Re4 Kf6 52. Re1
Ra2 53. Kg1 Ne5 54. Rb1 Ng4 55. Rb6+ Kf7 56. Rb4 Kg7 57. Re4 Ra1+ 58. Kg2 Ra2
59. Re1 Rb2 60. Kg1 Kf6 61. Ng5 Ne5 62. Kf1 Ng4 63. f3 Ne5 64. Re2 Rb1+ 65. Kg2
Nd3 66. Ne4+ Kg7 67. Nc3 Rc1 68. Nd5 Rc5 69. Ne3 Re5 70. f4 Rc5 71. Ra2 Ne1+
72. Kf2 Nd3+ 73. Kf3 Nb4 74. Rd2 Nc6 75. Rd7+ Kf8 76. g4 hxg4+ 77. Nxg4 Rc3+
78. Ne3 Ne7 79. Ke4 Ra3 80. Nc4 Rh3 81. Ke5 Rxh4 82. Nd6 Rh5+ 83. Ke6 Nc6 (
83... Rh3 84. Rd8+ Kg7 85. Ne8+ Kh6 86. Kxe7 Rf3 87. Nc7 g5 88. Nd5 gxf4 89.
Kf6 Kh5) 84. Rc7 (84. Ne4 Rf5 85. Nf6) 84... Nb4 (84... Rc5 85. Kf6 Ne5 86. Rb7
Ng4+ 87. Kxg6 Rc6 88. Rf7+ Kg8 89. Rd7 Kf8 90. Kf5 Ne3+ 91. Ke6 Nc4) (84...
Nd8+ 85. Kf6 Rd5 86. Rd7 Nb7 87. Rf7+ Kg8 88. Rg7+ Kf8 89. Nxb7 Rf5+ 90. Kxg6
Rxf4 91. Rc7 Rf1) 85. Rc8+ Kg7 86. Ne8+ Kh6 87. Nf6 Ra5 88. Rh8+ Kg7 89. Rh7+
Kf8 90. Rf7# 1-0

[Event "54th Ilmar Raud Memorial"]
[Site "Viljandi"]
[Date "2020.07.09"]
[Round "5.10"]
[White "Chukavin, Kirill"]
[Black "Krivenko, Dion"]
[Result "1-0"]
[WhiteElo "2345"]
[BlackElo "2046"]
[PlyCount "115"]
[EventDate "2020.??.??"]

1. e4 c5 2. Nc3 Nc6 3. Nf3 g6 4. d4 cxd4 5. Nxd4 Bg7 6. Nde2 d6 7. g3 h5 8. h3
Bd7 9. Bg2 Qc8 10. Be3 Nf6 11. Nd5 Nxd5 12. exd5 Nb4 13. c3 Na6 14. Bd4 Bxd4
15. Nxd4 Qc4 16. Qb3 Qxb3 17. axb3 O-O 18. O-O Nc7 19. Ra5 a6 20. f4 Kg7 21.
Raa1 Rae8 22. b4 Rb8 23. Rfe1 Rfe8 24. Rad1 Kf8 25. Kh2 Kg7 26. Bf3 Kf8 27. g4
hxg4 28. hxg4 Kg7 29. Kg3 Kf8 30. Rd2 Nb5 31. Nb3 Rbc8 32. Na5 b6 33. Nb3 e6
34. dxe6 Rxe6 35. Rh1 Rce8 36. Ra1 Nc7 37. Nd4 Re1 38. Rxe1 Rxe1 39. Nc2 Re6
40. Na3 b5 41. Nc2 d5 42. Nd4 Rd6 43. f5 Kg7 44. Kf4 f6 45. Nb3 Bc6 46. Na5 Ba8
47. Re2 Kf7 48. fxg6+ Kxg6 49. Re7 Ne6+ 50. Kg3 Ng5 51. Bg2 f5 52. Ra7 d4 53.
Rxa8 d3 54. Nb3 Ne4+ 55. Bxe4 fxe4 56. Kf4 d2 57. Nxd2 Rxd2 58. Rxa6+ 1-0

[Event "54th Ilmar Raud Memorial"]
[Site "Viljandi"]
[Date "2020.07.09"]
[Round "5.11"]
[White "Volodin, Aleksandr"]
[Black "Andrijashkin, Deniss"]
[Result "1-0"]
[WhiteElo "2497"]
[BlackElo "1861"]
[PlyCount "49"]
[EventDate "2020.??.??"]

1. d4 Nf6 2. c4 g6 3. Nc3 Bg7 4. e4 d6 5. f3 O-O 6. Be3 c6 7. Qd2 a6 8. Bd3 b5
9. e5 Nfd7 10. f4 Nb6 (10... c5 11. Be4 Ra7 12. Nf3 Bb7) 11. c5 dxc5 12. dxc5
Nd5 13. Nf3 Bg4 14. O-O f6 15. Nxd5 Qxd5 16. Qc2 Bxf3 17. Rxf3 f5 (17... fxe5
18. f5) 18. Be2 Nd7 19. Rd1 Qe6 20. Bf2 Rfc8 21. Rd2 Nf8 22. Bd1 Qxa2 23. Qc3
Qb1 24. Re3 Rd8 25. Re1 1-0

[Event "54th Ilmar Raud Memorial"]
[Site "Viljandi"]
[Date "2020.07.09"]
[Round "5.12"]
[White "Protassov, Vlad"]
[Black "Seeman, Tarvo"]
[Result "0-1"]
[WhiteElo "1916"]
[BlackElo "2415"]
[PlyCount "80"]
[EventDate "2020.??.??"]

1. d4 Nf6 2. c4 g6 3. Nc3 Bg7 4. e4 d6 5. Be2 O-O 6. Nf3 e5 7. d5 a5 8. Bg5 Na6
9. Nd2 h6 10. Be3 h5 11. f3 Nh7 12. a3 Bd7 13. O-O h4 14. Re1 Bf6 15. Kh1 Bg5
16. Bg1 a4 17. Rb1 Nc5 18. b4 axb3 19. Nxb3 Na4 20. Nxa4 Rxa4 21. c5 Rxa3 22.
cxd6 cxd6 23. Nd2 Ra2 24. Nc4 Ba4 25. Rb3 b5 26. Nb6 Rd2 27. Qb1 Bxb3 28. Qxb3
Qc7 29. Qxb5 Rb8 30. Qa6 Rb2 31. Nc4 Rb1 32. Rxb1 Rxb1 33. Qa2 Qb8 34. g3 h3
35. Bd3 Rc1 36. Qf2 Qb3 37. Qe2 Nf6 38. f4 exf4 39. e5 f3 40. Qxf3 Rxc4 0-1

[Event "54th Ilmar Raud Memorial"]
[Site "Viljandi"]
[Date "2020.07.09"]
[Round "5.13"]
[White "Tõnso, Liina"]
[Black "Köykkä, Pekka"]
[Result "0-1"]
[WhiteElo "1862"]
[BlackElo "2392"]
[PlyCount "108"]
[EventDate "2020.??.??"]

1. d4 Nf6 2. c4 c5 3. d5 e6 4. Nc3 exd5 5. cxd5 d6 6. Nf3 g6 7. e4 Bg7 8. Be2
O-O 9. Nd2 Re8 10. f3 Nbd7 11. Nc4 Nb6 12. Ne3 Nh5 13. O-O Be5 14. Qe1 Nf4 15.
Bb5 Rf8 16. Ne2 a6 17. Bc4 Nxc4 18. Nxc4 Nd3 19. Qd2 Nxc1 20. Raxc1 Re8 21.
Nxe5 Rxe5 22. Ng3 f5 23. f4 Re8 24. Rfe1 fxe4 25. Nxe4 Bf5 26. Ng5 Qf6 27.
Rxe8+ Rxe8 28. Re1 Qd4+ 29. Qxd4 Rxe1+ 30. Kf2 cxd4 31. Kxe1 h6 32. Nf3 Be4 33.
Kf2 Bxd5 34. a3 d3 35. Ke3 Kf7 36. Kxd3 $4 (36. Ne1 Bc4 37. Nxd3 Bxd3 $4 38.
Kxd3 Ke6 39. Kd4 $18 (39. Ke4 d5+ 40. Ke3 Kf5 (40... h5 41. g3 Kf5 42. h3 d4+
43. Kf3 $1 (43. Kxd4 h4 44. gxh4 Kxf4 45. b4 Kg3 46. Kc5 Kxh4 47. Kb6 Kxh3 48.
Kxb7 g5 49. Kxa6 g4 50. b5 g3 51. b6 g2 52. b7 g1=Q 53. b8=Q)) 41. h3 h5 42. g3
a5 43. a4 b6 44. Kf3) 39... Kf5 (39... h5 40. g3 $4 (40. Ke4 d5+ 41. Kf3 $3 (
41. Kd4 Kf5 42. Kxd5 Kxf4 43. Kc5 Ke3 44. Kb6 Kf2 45. Kxb7 Kxg2 46. Kxa6 Kxh2
47. b4 h4 48. b5 h3) 41... Kf5 42. g3 a5 43. a4) 40... Kf5 41. Kd5 Kg4 42. Kxd6
Kh3) 40. Kd5 Kxf4 41. Kxd6 Ke3 42. Kc7 Kf2 43. g4 Kg2 44. Kxb7 Kxh2 45. Kxa6 h5
46. gxh5 gxh5 47. b4 h4 48. b5 h3 49. b6 Kg1 50. b7 h2 51. b8=Q h1=Q 52. Qb1+)
36... Bxf3 37. gxf3 Ke6 38. Ke4 a5 $2 (38... d5+ $3 {[#]} 39. Kd4 h5 $3 40. b4
(40. a4 a5) 40... b5 (40... h4 41. a4 Kf5 42. Kxd5 Kxf4 43. Kd6 Kxf3 44. Kc7 g5
45. Kxb7 g4 46. Kxa6 g3 47. hxg3 hxg3 $4 (47... h3 $3 48. b5 h2 49. b6 h1=Q 50.
a5 Qe1 51. b7 Qb4 $19) 48. b5 g2 49. b6 g1=Q 50. a5 $11 {[#]} Qf1+ (50... Qb1
51. b7 Qb4 52. b8=Q Qxb8) (50... Qe1 51. b7 Qb4 52. b8=Q Qxb8) 51. Ka7 Ke4 (
51... Qb5 52. a6 Ke4 53. b7 $11) 52. b7 Qf7 53. a6 Ke5 (53... Kd5 54. Ka8) 54.
Ka8 Qd5 55. Ka7) 41. Kc5 h4 42. h3 Kf5 43. Kxd5 Kxf4 44. Kc5 Kxf3 45. Kb6 Kg3
46. Kxa6 Kxh3 47. Kxb5 Kg3 48. a4 h3 49. a5 h2 50. a6 h1=Q) 39. b4 axb4 (39...
a4 40. Kd4 Kf5 (40... b6 41. Ke4 d5+ 42. Kd4 Kd6 43. f5 gxf5 44. f4 Ke6 45. h4
Kd6 46. h5 Ke6 47. Kd3) 41. Kd5 Kxf4 42. Kxd6 Kxf3 43. Kc7 g5 44. Kxb7 h5 45.
b5 g4 46. b6 h4) 40. axb4 h5 41. h3 (41. f5+ $3 {[#]} gxf5+ 42. Kd4 h4 (42...
b5 43. f4 h4 44. h3 Ke7 45. Kd5 Kd7 46. Kd4 Ke6 47. Ke3) (42... f4 43. Ke4 h4 (
43... d5+ 44. Kxf4 h4 45. Ke3 Ke5 (45... b5 46. Kd4 Kf5 47. Kxd5 Kf4 48. Kc5
Kxf3 49. Kxb5 Kg2 50. Kc4) 46. f4+ (46. b5 $3 {[#]} d4+ 47. Kd3 b6 48. f4+ Kxf4
49. Kxd4) 46... Kf5 47. b5 $3) 44. Kxf4 d5 45. Ke3 Ke5 46. f4+ Kf5 47. b5 $3 h3
48. b6 Kg4 49. Kd4 Kxf4 50. Kxd5) 43. f4 $1 (43. h3 $4 f4 $3 {[#]} (43... b5
44. f4) 44. Ke4 d5+ $3 45. Kxf4 b5 $3 46. Ke3 Ke5 47. f4+ Kf5 48. Kd4 Kxf4 49.
Kxd5 Kg3) 43... b6 44. h3 d5 45. Kd3 Kd6 46. Kd4 Kc6 47. Ke5 Kb5 48. Kxd5 Kxb4
49. Ke5 Kc4 50. Kxf5 b5 51. Kg5 $1 b4 52. f5 Kd5 53. f6 Ke6 54. Kg6 b3 55. f7
b2 56. f8=Q b1=Q+ 57. Kg5) 41... h4 42. b5 (42. f5+ gxf5+ 43. Kd4 f4 44. Ke4
d5+ 45. Kxf4 b5 46. Kg4 d4 47. f4 d3 48. Kf3 Kf5 49. Ke3 d2 50. Kxd2 Kxf4 51.
Kd3 Kg3 52. Ke3 Kxh3 53. Kf3 Kh2 54. Kf2 h3 55. Kf1 Kg3) 42... d5+ 43. Ke3 Kf5
(43... Kd7 44. Kd3 Kc7 45. Kc3 (45. Kd4 Kd6) 45... Kb6 {[#]} 46. Kd4 Kxb5 47.
Kxd5 Kb4 48. Ke6 b5 49. Kf6 Kc4 50. Kxg6 b4 51. f5 b3 52. f6 b2 53. f7 b1=Q+
54. Kg7 Qb7 55. f4 Kd5 (55... Kd4 56. Kg8 Qd5 57. Kg7 {[#]}) 56. Kg8 Qc8+ 57.
f8=Q Qxf8+ 58. Kxf8 Ke4 59. Kf7 Kxf4 60. Ke6 Kg3 61. Ke5 Kxh3 62. Kf4 Kg2) 44.
b6 Ke6 45. Kd4 Kd6 46. f5 gxf5 47. f4 Kc6 48. Ke5 Kc5 49. Kxf5 d4 50. Ke4 Kc4
51. f5 d3 52. f6 d2 53. f7 d1=Q 54. f8=Q Qe2+ 0-1

[Event "54th Ilmar Raud Memorial"]
[Site "Viljandi"]
[Date "2020.07.09"]
[Round "5.14"]
[White "Pedmanson, Albert"]
[Black "Pedoson, Georg Aleksander"]
[Result "0-1"]
[WhiteElo "1786"]
[BlackElo "2189"]
[PlyCount "72"]
[EventDate "2020.??.??"]

1. e4 e5 2. Nf3 d6 3. d4 Qe7 4. Nc3 c6 5. Be2 Nf6 6. O-O Qc7 7. Re1 Be7 8. b3
O-O 9. Bb2 Nbd7 10. Bd3 Re8 11. Ne2 Bf8 12. Ng3 g6 13. c4 Bg7 14. Qc2 b6 15.
Rad1 Bb7 16. h3 a5 17. a4 Rad8 18. Ba3 Bf8 19. Ne2 exd4 20. Nexd4 Ne5 21. Nxe5
dxe5 22. Bxf8 Kxf8 23. Nf3 Nd7 24. Rd2 Nc5 25. Red1 Rd6 26. Qc3 Qe7 27. Bc2 Rf6
28. b4 axb4 29. Qxb4 Rxf3 30. gxf3 Bc8 31. Qc3 Qg5+ 32. Kh2 Qf4+ 33. Kg2 Ne6
34. Rg1 Ng5 35. Kf1 Nxf3 36. Rd3 Bxh3+ 0-1

[Event "54th Ilmar Raud Memorial"]
[Site "Viljandi"]
[Date "2020.07.09"]
[Round "5.15"]
[White "Jazdanovs, Aleksandrs"]
[Black "Bondarenko, Dmitri"]
[Result "1-0"]
[WhiteElo "2183"]
[BlackElo "1944"]
[PlyCount "97"]
[EventDate "2020.??.??"]

1. e4 c6 2. d4 d5 3. Nc3 Nf6 4. e5 Ng8 5. Be3 e6 6. f4 Ne7 7. Bd3 b6 8. Nf3 Ba6
9. Bf2 Qc8 10. O-O Bxd3 11. cxd3 Qa6 12. Qd2 h5 13. b4 Nf5 14. Rfb1 Qb7 15. h3
h4 16. Nd1 Be7 17. Ne3 Nxe3 18. Qxe3 a5 19. bxa5 Rxa5 20. a4 Qa7 21. Qe1 Nd7
22. f5 Rh5 23. fxe6 fxe6 24. Bxh4 Bxh4 25. Nxh4 Rxa4 26. Qd1 Rxa1 27. Rxa1 Qxa1
28. Qxa1 Rxh4 29. Qa8+ Ke7 30. Qxc6 Rh6 31. Qc8 Rg6 32. g4 Rh6 33. Kg2 Rh7 34.
Kg3 g6 35. h4 Rf7 36. h5 gxh5 37. gxh5 Rf8 38. Qc6 Rg8+ 39. Kf3 Rf8+ 40. Ke3
Rd8 41. Qd6+ Kf7 42. h6 Nxe5 43. Qxd8 Ng4+ 44. Kf4 Nxh6 45. Kg5 Ng8 46. Qxb6
Ne7 47. Qc7 Ke8 48. Kf6 Nf5 49. Qc8# 1-0

[Event "54th Ilmar Raud Memorial"]
[Site "Viljandi"]
[Date "2020.07.09"]
[Round "5.16"]
[White "Sinitsõna, Anastassia"]
[Black "Blohhin, Sofia"]
[Result "0-1"]
[WhiteElo "2138"]
[BlackElo "1786"]
[PlyCount "128"]
[EventDate "2020.??.??"]

1. e4 c5 2. Nf3 e6 3. d4 cxd4 4. Nxd4 a6 5. Bd3 Nf6 6. c4 Nc6 7. Nxc6 dxc6 8.
O-O e5 9. Qe2 Bc5 10. Be3 Bxe3 11. Qxe3 O-O 12. Nc3 Be6 13. Na4 Nd7 14. b3 Qa5
15. c5 Rad8 16. Rfd1 f6 17. Be2 Nb8 18. h4 Qb4 19. h5 h6 20. Kh2 Rd4 21. Rxd4
Qxd4 22. Qxd4 exd4 23. Rd1 Rd8 24. g4 a5 25. Kg3 Kf8 26. f4 Ke7 27. Kh4 Bf7 28.
Nb6 Nd7 29. Nxd7 Rxd7 30. Kg3 Bg8 31. Kf3 Bf7 32. Bd3 Bg8 33. Bf1 Bf7 34. Rd2
Rd8 35. Bd3 (35. Bc4 Be8 (35... Bxc4 36. bxc4 Ke6 37. Ke2 Ke7 38. Kd3 Rd7 39.
Rb2 Kd8 40. Re2 Ke7 41. e5 fxe5 42. Rxe5+ Kf6 43. Re4) 36. e5 fxe5 37. fxe5 g6
38. g5 hxg5 39. h6 Bd7 40. e6 Bc8 41. Kg3 Rh8 42. Rh2 d3 43. Bxd3 Bxe6 44. Bxg6
) 35... Rd7 36. Bc2 Bg8 37. Bd1 Bf7 38. Ke2 Bg8 39. Kd3 Rd8 40. Rb2 Rd7 41. a4
(41. b4 axb4 42. Bb3) 41... b6 42. b4 axb4 43. cxb6 c5 44. Bb3 (44. Kd2 $3)
44... Bxb3 45. Rxb3 Kd6 46. Kc4 $2 (46. Rb1 $1 Kc6 47. e5 $1 fxe5 48. fxe5 Kxb6
49. e6 Re7 50. Re1 Ka5 (50... Kc6 51. Kc4 Kd6 52. a5) (50... b3 51. Kc4 Kc6 52.
Kxb3 Kd5 53. a5 c4+ 54. Kc2 Kc5 55. a6 Kb6 56. Re4 Kxa6 57. Rxd4 Kb5 58. Re4
Kc5 59. Kc3 Kd5 60. Rxc4 Kxe6 61. Re4+ Kf7 62. Rxe7+ Kxe7 63. Kd4 Kf6 64. Ke4
Kg5 65. Kf3) 51. Kc4 d3 52. Kxd3 b3 $3 (52... Kxa4 53. Kc4 Ka3 54. Kxc5 b3 55.
Kd6) 53. Kc4 b2 54. Rb1 Rxe6 55. Rxb2) 46... Kc6 47. a5 (47. e5 fxe5 48. fxe5
Re7 49. b7 Rxb7 50. Rb1 (50. Rf3 Re7 51. Rf5 b3 52. Kxb3 Rb7+ $1 53. Kc2 c4 54.
e6 Re7 $1) 50... Re7 51. Re1 Rf7) 47... Re7 48. Rb1 Rxe4 49. b7 d3+ 50. Kxd3
Rd4+ 51. Kc2 Kxb7 52. Re1 Rxf4 53. Re7+ Ka6 54. Rxg7 Kxa5 55. Rg6 Kb5 56. Rxh6
Kc4 57. Rg6 Rf2+ 58. Kd1 b3 59. Ke1 b2 60. Kxf2 b1=Q 61. Kg3 Qg1+ 62. Kf3 Kd3
63. Rg8 Qe3+ 64. Kg2 Ke2 0-1

[Event "54th Ilmar Raud Memorial"]
[Site "Viljandi"]
[Date "2020.07.09"]
[Round "5.17"]
[White "Narva, Triin"]
[Black "Mierins, Emils Janis"]
[Result "1-0"]
[WhiteElo "2107"]
[BlackElo "1750"]
[PlyCount "41"]
[EventDate "2020.??.??"]

1. e4 c5 2. Nc3 e6 3. Nf3 a6 4. d4 cxd4 5. Nxd4 Qc7 6. g3 Nf6 7. Bg2 Bc5 8. O-O
d6 9. Nb3 Ba7 10. Bf4 e5 11. Bg5 Be6 12. Bxf6 gxf6 13. Nd5 Bxd5 14. Qxd5 Nc6
15. Rad1 Rd8 16. c3 Ne7 17. Qd2 h5 18. h4 Qd7 19. Kh2 Qg4 20. Na5 Rd7 21. Bh3
1-0

[Event "54th Ilmar Raud Memorial"]
[Site "Viljandi"]
[Date "2020.07.09"]
[Round "5.18"]
[White "Uibokant, Mathias Robert"]
[Black "Ter-Avetisjana, Agnesa Stepania"]
[Result "1-0"]
[WhiteElo "2050"]
[BlackElo "1717"]
[PlyCount "83"]
[EventDate "2020.??.??"]

1. d4 d5 2. Bf4 Nf6 3. e3 c6 4. c3 Bf5 5. Qb3 Qc8 6. Nd2 Nbd7 7. Ngf3 e6 8. h3
h6 9. Ne5 Nxe5 10. Bxe5 Nd7 11. Bg3 Be7 12. Be2 O-O 13. O-O Nf6 14. c4 Ne4 15.
Nxe4 Bxe4 16. cxd5 Bxd5 17. Qc2 e5 18. e4 Be6 19. Bxe5 Qd7 20. Rfd1 Rfd8 21.
Bf3 Bd6 22. Bxd6 Qxd6 23. b3 Rac8 24. Rac1 Qf4 25. Qd2 Qxd2 26. Rxd2 Kf8 27.
Kf1 f6 28. Ke2 f5 29. e5 Bd5 30. Bxd5 Rxd5 31. Rc5 Rcd8 32. Rxd5 Rxd5 33. Ke3
Kf7 34. f4 Ke6 35. g4 g6 36. b4 a5 37. Rb2 Rb5 38. a3 b6 39. Kd3 Kd5 40. gxf5
gxf5 41. Rg2 axb4 42. Rg6 1-0

[Event "54th Ilmar Raud Memorial"]
[Site "Viljandi"]
[Date "2020.07.09"]
[Round "5.19"]
[White "Olde, Grete"]
[Black "Vingris, Mikelis"]
[Result "0-1"]
[WhiteElo "2046"]
[BlackElo "1641"]
[PlyCount "114"]
[EventDate "2020.??.??"]

1. e4 c5 2. Nc3 Nc6 3. g3 g6 4. Bg2 Bg7 5. d3 d6 6. f4 e6 7. Nf3 Nge7 8. O-O
O-O 9. Be3 b6 10. d4 Ba6 11. Re1 cxd4 12. Nxd4 Rc8 13. a4 d5 14. Nxc6 Rxc6 15.
exd5 Nxd5 16. Nxd5 exd5 17. c3 Rd6 18. Bd4 Bc8 19. Be5 Rd7 20. Bxg7 Kxg7 21.
Qd4+ Qf6 22. Re5 Rfd8 23. Rae1 Rd6 24. Rd1 Be6 25. Bf3 h5 26. Bxh5 Bf5 27. g4
Kh7 28. g5 Qg7 29. Bf3 Bc2 30. Rde1 Bf5 31. Rd1 Bc2 32. Rd2 Bb3 33. Rde2 Rc6
34. Qf2 Rcc8 35. Re7 Bxa4 36. Bxd5 (36. Bg4 Rc4 37. Be6 Rf8 38. Bxd5) 36...
Rxd5 37. Qg3 Rcd8 38. Rxa7 Bb3 39. Rc7 Rd1+ 40. Kf2 R1d2 41. Qe3 Rxe2+ 42. Qxe2
Qf8 43. Qe5 Qd6 44. Qxd6 Rxd6 45. Ke3 Kg7 46. h4 Bc2 47. c4 Rd3+ 48. Kf2 Rb3
49. c5 bxc5 50. Rxc5 Rxb2 51. Ke3 Rb3+ 52. Kf2 Bb1 53. Kg2 Be4+ 54. Kh2 Rf3 55.
Re5 Bf5 56. h5 Rxf4 57. hxg6 Kxg6 0-1

[Event "54th Ilmar Raud Memorial"]
[Site "Viljandi"]
[Date "2020.07.09"]
[Round "5.20"]
[White "Tsõganova, Monika"]
[Black "Uibokant, Karl Oskar"]
[Result "1-0"]
[WhiteElo "2029"]
[BlackElo "1622"]
[PlyCount "43"]
[EventDate "2020.??.??"]

1. d4 d5 2. Nf3 Nf6 3. g3 e6 4. Bg2 c5 5. c4 Nc6 6. cxd5 Nxd5 7. O-O Be7 8. Nc3
O-O 9. e4 Nf6 10. d5 exd5 11. exd5 Nb4 12. Ne5 Bd6 13. Nc4 a6 14. a3 b5 15.
Nxd6 Qxd6 16. axb4 cxb4 17. Nxb5 Qd7 18. d6 Rb8 19. Nc7 a5 20. Bf4 Qf5 21. Nd5
Rd8 22. Ne7+ 1-0

[Event "54th Ilmar Raud Memorial"]
[Site "Viljandi"]
[Date "2020.07.09"]
[Round "5.21"]
[White "Olde, Karl Erik"]
[Black "Sirp, Karl Aleksander"]
[Result "0-1"]
[WhiteElo "1751"]
[BlackElo "1924"]
[PlyCount "82"]
[EventDate "2020.??.??"]

1. d4 Nf6 2. c4 c5 3. d5 b5 4. cxb5 a6 5. e3 d6 6. Nc3 g6 7. a4 Bg7 8. Nf3 O-O
9. Qc2 axb5 10. Bxb5 Ba6 11. e4 Bxb5 12. Nxb5 Na6 13. Bd2 Qb6 14. O-O Rfc8 15.
Qc4 Nc7 16. Bc3 Nxb5 17. axb5 Rab8 18. Nd2 Qxb5 19. Qxb5 Rxb5 20. Ra7 Kf8 21.
f3 Nh5 22. Bxg7+ Nxg7 23. b3 Nh5 24. g3 Nf6 25. Kf2 Ne8 26. Rfa1 Nc7 27. Ke2
Rbb8 28. R7a4 Rb7 29. Rb1 Rcb8 30. Kd3 Rb4 31. Rxb4 Rxb4 32. Nc4 Nb5 33. f4 f6
34. Rb2 h5 35. Nd2 h4 36. Rc2 hxg3 37. hxg3 Nc7 38. Rc4 Rb7 39. Ra4 Rb6 40. Kc3
f5 41. Ra7 Nb5+ 0-1

[Event "54th Ilmar Raud Memorial"]
[Site "Viljandi"]
[Date "2020.07.09"]
[Round "5.22"]
[White "Pedmanson, Herman"]
[Black "Tomson, Mikk"]
[Result "1-0"]
[WhiteElo "1767"]
[BlackElo "1390"]
[PlyCount "83"]
[EventDate "2020.??.??"]

1. e4 e5 2. Nf3 Nf6 3. Nxe5 d6 4. Nf3 Nxe4 5. Nc3 Nxc3 6. dxc3 Be7 7. Bf4 O-O
8. Qd2 Nc6 9. O-O-O Be6 10. Kb1 a5 11. Bd3 Bg4 12. h3 Bxf3 13. gxf3 Ne5 14. Be2
Bh4 15. Bg3 b5 16. Rhg1 Nc4 17. Qd5 Bxg3 18. Rxg3 Qh4 19. Rd4 Qe7 20. Rdg4 Qe5
(20... Qxe2 21. Rxg7+ Kh8 22. Rxh7+ Kxh7 23. Qh5#) 21. Rxg7+ Qxg7 22. Rxg7+
Kxg7 23. Qg5+ Kh8 24. Qf6+ Kg8 25. Bd3 Ne5 26. Bf5 Rfe8 27. a3 Ng6 28. h4 Re1+
29. Ka2 Rh1 30. Be4 Re8 31. Bd5 Re7 32. f4 Rxh4 33. f5 Rf4 34. Qg5 Re5 35.
Bxf7+ Kxf7 36. fxg6+ hxg6 37. Qxf4+ Kg7 38. a4 Rf5 39. Qd4+ Kh6 40. axb5 Rxb5
41. f4 Rc5 42. Qh8# 1-0

[Event "54th Ilmar Raud Memorial"]
[Site "Viljandi"]
[Date "2020.07.09"]
[Round "5.23"]
[White "Rychagov, Nikita"]
[Black "Ivanova, Lidia"]
[Result "1-0"]
[WhiteElo "1943"]
[BlackElo "1430"]
[PlyCount "63"]
[EventDate "2020.??.??"]

1. e4 c6 2. d4 d5 3. Nc3 dxe4 4. Nxe4 Bf5 5. Nc5 Qc7 6. Bd3 Bxd3 7. Nxd3 Nd7 8.
Nf3 Ngf6 9. Bf4 Qa5+ 10. c3 e6 11. O-O Be7 12. Qe2 Qh5 13. Rfe1 O-O 14. c4 Rfe8
15. Rad1 c5 16. dxc5 Nxc5 17. Nde5 Red8 18. Rxd8+ Rxd8 19. b4 Ncd7 20. Nxf7 Re8
21. Nd6 Bxd6 22. Bxd6 h6 23. h3 Qf7 24. c5 Nd5 25. Qb5 Nf8 26. Ne5 a6 27. Qc4
Qh5 28. c6 bxc6 29. Qxc6 Nf4 30. Nf3 Nd3 31. Re3 Qb5 32. Qxb5 1-0

[Event "54th Ilmar Raud Memorial"]
[Site "Viljandi"]
[Date "2020.07.09"]
[Round "6.7"]
[White "Sakalauskas, Vaidas"]
[Black "Sepp, Olav"]
[Result "1/2-1/2"]
[WhiteElo "2335"]
[BlackElo "2410"]
[PlyCount "37"]
[EventDate "2020.??.??"]

1. d4 Nf6 2. c4 d6 3. Nc3 g6 4. e4 Bg7 5. Be2 O-O 6. Bg5 Na6 7. Qd2 e5 8. d5 c6
9. Bd1 cxd5 10. cxd5 b5 11. Nxb5 Nc5 12. f3 Qb6 13. a4 a6 (13... Ng4 14. Bc2 f6
15. b4) (13... Nfxe4 14. fxe4 Nxe4 15. Qe3 Nxg5 16. Qxg5 a6 17. Nc3 Qxb2 18.
Qc1 Qb4 19. Nge2 Qh4+ 20. g3 Qh3 21. Qe3 Rb8) 14. Na3 Qxb2 15. Qxb2 Nd3+ 16.
Kd2 Nxb2 17. Ne2 Bd7 18. Nc3 Rfb8 19. a5 1/2-1/2

[Event "54th Ilmar Raud Memorial"]
[Site "Viljandi"]
[Date "2020.07.09"]
[Round "6.8"]
[White "Narva, Mai"]
[Black "Chukavin, Kirill"]
[Result "1/2-1/2"]
[WhiteElo "2333"]
[BlackElo "2345"]
[PlyCount "36"]
[EventDate "2020.??.??"]

1. e4 c5 2. Nc3 Nc6 3. Bb5 Nd4 4. Bc4 e6 5. Nge2 Qc7 6. d3 Nf6 7. O-O Nc6 8. f4
d6 9. Ng3 Be7 10. f5 O-O 11. fxe6 fxe6 12. Nf5 Na5 13. Nxe7+ Qxe7 14. Bf4 b6
15. Qe2 Bb7 16. e5 dxe5 17. Bxe5 Nxc4 18. dxc4 Qf7 1/2-1/2

[Event "54th Ilmar Raud Memorial"]
[Site "Viljandi"]
[Date "2020.07.09"]
[Round "6.9"]
[White "Pedoson, Georg Aleksander"]
[Black "Volodin, Aleksandr"]
[Result "0-1"]
[WhiteElo "2189"]
[BlackElo "2497"]
[PlyCount "52"]
[EventDate "2020.??.??"]

1. c4 c5 2. Nf3 Nf6 3. Nc3 g6 4. g3 Bg7 5. Bg2 Nc6 6. d4 O-O 7. O-O d6 8. dxc5
dxc5 9. Be3 Qa5 10. Qb3 Bd7 11. Rad1 b6 12. Qb5 Rac8 13. h3 Rfd8 14. Rd2 Ne8
15. Nd5 Kf8 16. Qxa5 Nxa5 17. b3 e6 18. Nf4 Bc6 19. Rfd1 Rxd2 20. Rxd2 Ke7 21.
h4 Nd6 22. Ne1 Nf5 23. Nc2 Bxg2 24. Kxg2 Nc6 25. f3 Nb4 26. Kf2 Nxa2 0-1

[Event "54th Ilmar Raud Memorial"]
[Site "Viljandi"]
[Date "2020.07.09"]
[Round "6.10"]
[White "Seeman, Tarvo"]
[Black "Jazdanovs, Aleksandrs"]
[Result "1/2-1/2"]
[WhiteElo "2415"]
[BlackElo "2183"]
[PlyCount "63"]
[EventDate "2020.??.??"]

1. Nf3 Nf6 2. g3 b6 3. Bg2 Bb7 4. O-O e6 5. c4 Be7 6. b3 O-O 7. Bb2 d5 8. cxd5
Nxd5 9. Nc3 Nxc3 10. Bxc3 c5 11. d4 Nd7 12. e3 Rc8 13. Qe2 Bf6 14. Rfd1 cxd4
15. Bxd4 Qe7 16. Rac1 Qa3 17. Rxc8 Rxc8 18. Bxf6 Bxf3 19. Bxf3 Nxf6 20. Kg2 g6
21. Rd2 Kg7 22. Qd3 Qc1 23. Qd4 h6 24. h3 Rc7 25. Rd1 Qc2 26. Rd2 Qc1 27. Rd1
Qc2 28. Qd2 Qf5 29. Qe2 Qc2 30. Rd2 Qb1 31. Rd1 Qc2 32. Rd2 1/2-1/2

[Event "54th Ilmar Raud Memorial"]
[Site "Viljandi"]
[Date "2020.07.09"]
[Round "6.11"]
[White "Köykkä, Pekka"]
[Black "Narva, Triin"]
[Result "1/2-1/2"]
[WhiteElo "2392"]
[BlackElo "2107"]
[PlyCount "47"]
[EventDate "2020.??.??"]

1. d4 g6 2. e4 Bg7 3. Nc3 d6 4. Be3 Nf6 5. f3 Nbd7 6. Qd2 a6 7. a4 O-O 8. a5 e5
9. d5 Nh5 10. g4 Nf4 11. h4 f5 12. g5 Nh5 13. Nge2 b6 14. Rg1 bxa5 15. Nc1 Nb6
16. Nb3 a4 17. Nxa4 Nxa4 18. Rxa4 Qd7 19. Rc4 a5 20. Bh3 Ba6 21. Rc3 a4 22. Nc1
Nf4 23. Bf1 Bxf1 24. Rxf1 1/2-1/2

[Event "54th Ilmar Raud Memorial"]
[Site "Viljandi"]
[Date "2020.07.09"]
[Round "6.12"]
[White "Blohhin, Sofia"]
[Black "Kiik, Kalle"]
[Result "1/2-1/2"]
[WhiteElo "1786"]
[BlackElo "2386"]
[PlyCount "123"]
[EventDate "2020.??.??"]

1. e4 g6 2. d4 Bg7 3. Nc3 c6 4. Be3 d5 5. e5 f6 6. f4 Nh6 7. Be2 Nf5 8. Bf2 c5
9. dxc5 d4 10. exf6 exf6 11. Ne4 Nc6 12. Nf3 Be6 13. Nh4 Qa5+ 14. Qd2 Qxd2+ 15.
Kxd2 Nxh4 16. Nd6+ Kd7 17. Bxh4 Bd5 18. Bc4 Bxg2 19. Rhg1 Bh3 20. Rg3 Be6 21.
Bxe6+ Kxe6 22. f5+ Kd5 23. Rb3 Na5 24. Rb5 Bh6+ 25. Kd3 Nc6 26. c4+ dxc3 27.
Kxc3 gxf5 28. Nf7 Bf4 29. Nxh8 Be5+ 30. Kd3 Rxh8 31. Rxb7 Rg8 32. h3 Rg2 33.
Re1 Rh2 34. Rd7+ Kxc5 35. Rc1+ Kb6 36. Be1 Rxh3+ 37. Kc2 Rh2+ 38. Rd2 Nb4+ 39.
Kb1 Rxd2 40. Bxd2 Nd3 41. Be3+ Kb5 42. Rh1 a6 43. Rxh7 f4 44. Bg1 Kc4 45. Ra7
Nxb2 46. Rxa6 Nd3 47. Rb6 f3 48. Rc6+ Kd5 49. Rc2 Bg3 50. a4 f2 51. Bxf2 Bxf2
52. Rd2 Kc4 53. Kc2 Nb4+ 54. Kd1 Bd4 55. Ke2 Be5 56. Kf3 Kb3 57. a5 Ka4 58. Ke4
Kxa5 59. Kf5 Nc6 60. Rf2 Bd4 61. Rf1 Ne7+ 62. Ke6 1/2-1/2